000 00569nam a2200205Ia 4500
003 LK-CoDNM
005 20240323102002.0
008 010623t1953 xxu||||| |||| 00| 1 sin d
040 _aLK-CoDNM
_dLK-CoDNM
_eLK-CoDNM
041 _asin
080 _aග15
100 _aMaitriya thero,Vidagama
245 _aහංස සංදේශ ප්‍ර‍දීපය
246 _aHansa Sandeesha Pradeepaya
260 _bRatnakara Press
_aColombo
_c1953
300 _bDamaged
_a96p.,18 cm
650 _aSandeesha
700 _aVijewardhana,H.G.S
_eed.
942 _cBK
999 _c103337
_d103337